000 00605nam a2200193 i 4500
001 72126
003 ES-MaACL
005 20250819174153.0
007 t|
008 040826s1913 fr ||||1| fre d
245 0 0 _aTraité du sang /
_cpublié sous la direction de A. Gilbert et M. Weinberg...
260 _aParis :
_bJ.B. Baillière,
_c1913 (
_eCorbeil :
_fCrété)
300 _a2 v., 9 lám. :
_bil. ;
_c25 cm.
650 0 4 _aSangre.
_916981
700 1 _aGilbert , Augustin.
_9142271
700 1 _aWeinberg, Michel,
_d1868-1940
_9152990
852 _aES-MaACL
_jB-12678-79
999 _c72126
_d72126